| 000 | 00732nam a2200205Ia 4500 | ||
|---|---|---|---|
| 003 | GCL | ||
| 008 | 140319s9999 xx 000 0 ara d | ||
| 040 |
_aGCL / _cGCL |
||
| 082 | 0 | 4 |
_a574.191 _bا ف |
| 100 | 1 | _aالطاهر مختار ابو عين | |
| 245 | 1 | 0 |
_aالفيزياء الجامعية للعلوم الطبية والحيوية : خواص المادة والحرارة / _cالطاهر مختار ابو عين |
| 700 | 1 | _aاحمد عبدالسلام رحيل | |
| 700 | 1 | _aفتحى سلطان احمد (مراجع) | |
| 700 | 1 | _aعبدالحميد محمود الجالى | |
| 300 | _a368 ص | ||
| 490 | _a | ||
| 650 | 0 | 4 | _aالفيزياء الحيوية |
| 650 | 0 | 4 | _aالميكانيكا |
| 942 |
_2ddc _cBK |
||
| 999 |
_c43949 _d43949 |
||